Leer a Fanon, medio siglo después /
| Corporate Author: | |
|---|---|
| Other Authors: | , |
| Format: | eBook |
| Language: | Spanish English French |
| Language Notes: | In Spanish including texts in French and English. |
| Published: |
[Distrito Federal?, Mexico] : Ciudad de Buenos Aires, Argentina :
Rosa Luxemburg Stiftung ; CLACSO,
agosto de 2017.
|
| Edition: | Primera edición. |
| Series: | Antologías del pensamiento social latinoamericano y caribeño. Pensamientos silenciados.
|
| Subjects: | |
| Online Access: | Connect to the full text of this electronic book |
MARC
| Tag | First Indicator | Second Indicator | Subfields |
|---|---|---|---|
| LEADER | 00000cam a2200000 i 4500 | ||
| 001 | in00004635998 | ||
| 006 | m o d | ||
| 007 | cr cnu---unuuu | ||
| 008 | 211221s2017 mx a obq 000 0dspa d | ||
| 005 | 20230103223606.7 | ||
| 035 | |a (OCoLC)on1289621986 | ||
| 040 | |a JSTOR |b eng |e rda |e pn |c JSTOR |d OCLCQ |d OCLCO |d OCL |d OCLCO |d OCLCQ | ||
| 020 | |a 9789877222487 |q (electronic bk.) | ||
| 020 | |a 9877222485 |q (electronic bk.) | ||
| 035 | |a (OCoLC)1289621986 | ||
| 037 | |a 22573/ctv252tk35 |b JSTOR | ||
| 041 | 0 | |a spa |a eng |a fre | |
| 043 | |a d------ | ||
| 050 | 4 | |a JC359 |b .L3245 2017eb | |
| 072 | 7 | |a SOC |x 000000 |2 bisacsh | |
| 082 | 0 | 4 | |a 325.32 |2 23 |
| 049 | |a TXAM | ||
| 245 | 0 | 0 | |a Leer a Fanon, medio siglo después / |c ensayo introductorio, cronología y selección de Félix Valdés García ; Patricia Zapata [and 7 others]. |
| 250 | |a Primera edición. | ||
| 264 | 1 | |a [Distrito Federal?, Mexico] : |b Rosa Luxemburg Stiftung ; |a Ciudad de Buenos Aires, Argentina : |b CLACSO, |c agosto de 2017. | |
| 300 | |a 1 online resource (247 pages) : |b illustrations | ||
| 336 | |a text |b txt |2 rdacontent | ||
| 337 | |a computer |b c |2 rdamedia | ||
| 338 | |a online resource |b cr |2 rdacarrier | ||
| 490 | 1 | |a Colección Antologías del pensamiento social latinoamericano y caribeño. Serie Pensamientos silenciados | |
| 546 | |a In Spanish including texts in French and English. | ||
| 504 | |a Includes bibliographical references (pages 237-239). | ||
| 504 | |a Filmography: page 241. | ||
| 588 | 0 | |a Print version record. | |
| 600 | 1 | 0 | |a Fanon, Frantz, |d 1925-1961. |
| 600 | 1 | 7 | |a Fanon, Frantz, |d 1925-1961. |2 fast |0 (OCoLC)fst00045829 |
| 650 | 0 | |a Anti-imperialist movements. | |
| 650 | 0 | |a Decolonization. | |
| 650 | 0 | |a Black people |x Race identity. | |
| 650 | 6 | |a Anti-impérialisme. | |
| 650 | 6 | |a Décolonisation. | |
| 650 | 7 | |a SOCIAL SCIENCE |x General. |2 bisacsh | |
| 650 | 7 | |a Anti-imperialist movements. |2 fast |0 (OCoLC)fst00810343 | |
| 650 | 7 | |a Black people |x Race identity. |2 fast |0 (OCoLC)fst00833987 | |
| 650 | 7 | |a Decolonization. |2 fast |0 (OCoLC)fst00889115 | |
| 655 | 7 | |a Electronic books. |2 local | |
| 700 | 1 | |a Valdés García, Felix, |e editor. | |
| 700 | 1 | 2 | |i Container of (work): |a Fanon, Frantz, |d 1925-1961. |t Damnés de la terre. |k Selections. |l Spanish. |
| 710 | 2 | |a JSTOR (Organization) | |
| 776 | 0 | 8 | |i Print version: |t Leer a Fanon, medio siglo después. |b Primera edición. |d [Distrito Federal?, Mexico] : Rosa Luxemburg Stiftung ; Ciudad de Buenos Aires, Argentina : CLACSO, agosto de 2017 |w (DLC) 2018435365 |w (OCoLC)1083704431 |
| 830 | 0 | |a Antologías del pensamiento social latinoamericano y caribeño. |p Pensamientos silenciados. | |
| 856 | 4 | 0 | |u https://www.jstor.org/stable/10.2307/j.ctv253f619 |z Connect to the full text of this electronic book |t 0 |
| 955 | |a JSTOR Open Access ebooks | ||
| 994 | |a 92 |b TXA | ||
| 999 | f | f | |s 5b317809-07b7-4b61-882b-0ccf5999a777 |i 516ab93d-5a31-4174-9c2f-5d2280b6a30f |t 0 |
| 952 | f | f | |a Texas A&M University |b College Station |c Electronic Resources |d Available Online |t 0 |e JC359 .L3245 2017eb |h Library of Congress classification |
| 998 | f | f | |a JC359 .L3245 2017eb |t 0 |l Available Online |